000
00221nam a22000857a 4500
008
160701b xxu||||| |||| 00| 0 eng d
100
_9
1676
_a
Biswas, S., et al
245
_a
Once Upon a Time
260
_a
New delhi
_b
Arya
_c
2004
999
_c
1391
_d
1391